Literary criticism : a short history (Record no. 57267)
[ view plain ]
| 000 -LEADER | |
|---|---|
| fixed length control field | 00684nam a2200217Ia 4500 |
| 005 - DATE AND TIME OF LATEST TRANSACTION | |
| control field | 20260629163253.0 |
| 008 - FIXED-LENGTH DATA ELEMENTS--GENERAL INFORMATION | |
| fixed length control field | 260629s9999||||xx |||||||||||||| ||und|| |
| 020 ## - INTERNATIONAL STANDARD BOOK NUMBER | |
| International Standard Book Number | 8122902928 |
| Qualifying information | pbk |
| 082 ## - DEWEY DECIMAL CLASSIFICATION NUMBER | |
| Classification number | 801.95 |
| Item number | WIM |
| 100 ## - MAIN ENTRY--PERSONAL NAME | |
| Personal name | Wimsatt, William K. |
| 245 #0 - TITLE STATEMENT | |
| Title | Literary criticism : a short history |
| 250 ## - EDITION STATEMENT | |
| Edition statement | c. 1957 ; 1st Indian rep. 2007 |
| 260 ## - PUBLICATION, DISTRIBUTION, ETC. | |
| Place of publication, distribution, etc. | Delhi |
| Name of publisher, distributor, etc. | Surjeet Publications |
| Date of publication, distribution, etc. | 1957 |
| 300 ## - PHYSICAL DESCRIPTION | |
| Extent | xvii, 755[xxii]p. ; 21cm. |
| 653 ## - INDEX TERM--UNCONTROLLED | |
| Uncontrolled term | Criticism--History |
| 653 ## - INDEX TERM--UNCONTROLLED | |
| Uncontrolled term | Historical treatment of literary criticism |
| 653 ## - INDEX TERM--UNCONTROLLED | |
| Uncontrolled term | Literary criticism and theory, modern period |
| 653 ## - INDEX TERM--UNCONTROLLED | |
| Uncontrolled term | Literature--History and criticism |
| 700 ## - ADDED ENTRY--PERSONAL NAME | |
| Personal name | Brooks, Cleanth |
| 942 ## - ADDED ENTRY ELEMENTS (KOHA) | |
| Koha item type | Book |
| Withdrawn status | Lost status | Damaged status | Not for loan | Home library | Current library | Shelving location | Date acquired | Source of acquisition | Total Checkouts | Full call number | Barcode | Date last seen | Price effective from | Koha item type |
|---|---|---|---|---|---|---|---|---|---|---|---|---|---|---|
| LRC, IIT Indore | LRC, IIT Indore | 2nd Floor - General Stack | 29/06/2026 | Gratis Book Price: INR 195.00 | 801.95 WIM | G2492 | 29/06/2026 | 29/06/2026 | Book |
